| 000 | 00910nam a2200277 i 4500 | ||
|---|---|---|---|
| 001 | bg | ||
| 100 | 1 | _aKAŹMIERCZAK, Henryk | |
| 245 | 1 | 0 |
_aAnaliza rozkładu mocy obciążeń dynamicznych w systemach mechanicznych / _cHenryk Kaźmierczak. |
| 260 |
_aPoznań : _bWydaw. PP, _c2001. |
||
| 300 |
_a139, [1] s. : _bfot., rys., wykr. ; _c24 cm. |
||
| 490 | 1 |
_aRozprawy / Politechnika Poznańska, _x0551-6528 ; _vnr 363 |
|
| 500 | _aStreszcz. ang. | ||
| 504 | _aBibliogr. | ||
| 650 | 9 |
_aMaszyny _xmechanika |
|
| 650 | 9 |
_aDiagnostyka techniczna _xmetody |
|
| 650 | 9 |
_aWytrzymałość materiałów _xbadanie |
|
| 650 | 9 |
_aMacierze _xstosowanie _xtechnika |
|
| 830 | 0 |
_aRozprawy (Politechnika Poznańska) ; _vnr 363 |
|
| 020 | _a837143586X | ||
| 040 | _cBPK | ||
| 041 | 0 |
_apl _ben |
|
| 080 | _a621.01:539.3/.6:512.64 | ||
| 920 | _a83-7143-586-X | ||
| 942 | _cKS | ||
| 008 | s pl f |000 0 pol | ||
| 999 |
_c40227 _d40227 |
||
| 856 |
_uhttp://koha.tu.koszalin.pl/cgi-bin/koha/opac-detail.pl?biblionumber=40227 _yKatalog online BPK |
||